Statistiken für Alle Minderheiten der Slowakei

Klicken Sie hier um das Quiz zu spielen!

Allgemein

  • Dieses Quiz wurde 25 mal gespielt
  • Das Durchschnittsergebnis liegt bei 16 aus 20

Antwortstatistiken

BevölkerungLand% Korrekt
4,572Deutschland
96%
7,372Rumänien
96%
42,162Ukraine
96%
9,492Ungarn
96%
1,740Bulgarien
92%
2,563Österreich
92%
6,133Polen
92%
16,005Serbien
92%
3,057Italien
88%
5,658Russland
88%
1,300Spanien
88%
12,246Tschechien
88%
1,274Kroatien
83%
2,695China
79%
1,563Frankreich
79%
1,675Nordmazedonien
67%
2,828Vereinigtes Königreich
63%
6,798Vietnam
50%
1,221Iran
38%
1,493Südkorea
29%

Verteilung der Resultate

Perzentil nach korrekt beantworteten Fragen

Anzahl Personen mit jedem Resultat

Ihre Resultats-Entwicklung

Sie haben dieses Quiz noch nicht gespielt